|
|
|
|
| LEADER |
00000cam a2200000 7i4500 |
| 001 |
0000008498 |
| 002 |
000009260 |
| 005 |
20020121.0 |
| 020 |
|
|
|a 9830231445
|
| 090 |
0 |
0 |
|a JF
|b MEN
|
| 245 |
1 |
0 |
|a Meneroka gua tempurung
|c ditulis oleh Penal Penulis CCG
|
| 260 |
|
|
|a Kuala Lumpur :
|b Pustaka Cita Tinggi ,
|c 1996
|
| 300 |
|
|
|a 46 p. :
|b ill. ;
|c 17 cm.
|
| 490 |
0 |
|
|a Alam Bersih Dan Indah
|
| 650 |
0 |
0 |
|a Children's stories
|
| 999 |
|
|
|a 046120
|b BUKU
|c PINJAMAN
|e PERPUSTAKAAN KOMUNITI CAW KOTA DAMANSARA
|
| 999 |
|
|
|a 046121
|b BUKU
|c PINJAMAN
|e PERPUSTAKAAN KOMUNITI CAW KOTA DAMANSARA
|
| 999 |
|
|
|a 050197
|b BUKU
|c PINJAMAN
|e PERPUSTAKAAN KOMUNITI PETALING JAYA
|